000 01091nam a2200229 ca4500
001 000030294
003 RuMoIPM
005 20260413132600.0
008 111009s1935----ur | c rus
040 _aRuMoIPM
_brus
_ercr
041 1 _arus
_hger
044 _aru
080 _a51(07)
100 1 _aКлейн, Феликс
245 1 _aЭлементарная математика с точки зрения высшей
_bЛекции, читанные в Геттингенском университете
_cФ. Клейн ; Пер. с нем. Д. А. Крыжановского ; Под ред. В. Ф. Кагана
250 _a3-е изд.
260 _aМосква
_aЛенинград
_bОНТИ
_c1935-
500 _aНа обороте тит. л.: "Felix Klein. Elementarmathematik vom höheren Standpunkte aus. Ausgearbeitet von E. Hellinger. 3 Auflage ... Berlin. Verlag von Julius Springer, 1924"
700 1 _aКрыжановский, Дмитрий Антонович
_eпер.
700 1 _aКаган, Вениамин Федорович
_eред.
942 _cBK
999 _c30294
_d30294